000 00474nam a22001817a 4500
003 KOHA_MİRAKIL
005 20251221141207.0
008 251221b tu ||||| |||| 00| 0 tur d
020 _a9786058019669
040 _aTR-AnABB
_btur
_cTR-AnABB
041 _atur
082 _a793.7
_bBIL 2022
245 1 0 _aBilmecelerle tıp /
260 _aAnkara :
_bYüksek İhtisas Üniversitesi,
_c2022
300 _a96 sayfa ;
_c16 cm
650 0 4 _aBilmeceler
942 _2ddc
_cBK
999 _c9842
_d9842
900 _bGizem YORULMAZ